Essentials of Soil Mechanics and Foundation Engineering (Record no. 16417)
[ view plain ]
| 000 -LEADER | |
|---|---|
| fixed length control field | 00462nam a22001697a 4500 |
| 020 ## - INTERNATIONAL STANDARD BOOK NUMBER | |
| ISBN | 9789332542020 |
| 082 ## - DEWEY DECIMAL CLASSIFICATION NUMBER | |
| Classification number | 624.151MCC |
| 100 ## - MAIN ENTRY--AUTHOR NAME | |
| Personal name | Mccarthy, David F. |
| 245 ## - TITLE STATEMENT | |
| Title | Essentials of Soil Mechanics and Foundation Engineering |
| 250 ## - EDITION STATEMENT | |
| Edition statement | 7th ed. |
| 260 ## - PUBLICATION, DISTRIBUTION, ETC. (IMPRINT) | |
| Place of publication | New Delhi: |
| Name of publisher | Pearson Education, |
| Year of publication | 2015. |
| 300 ## - PHYSICAL DESCRIPTION | |
| Number of Pages | 844p. ; |
| 650 ## - SUBJECT ADDED ENTRY--TOPICAL TERM | |
| Topical Term | Soil mechanics |
| 650 ## - SUBJECT ADDED ENTRY--TOPICAL TERM | |
| Topical Term | Foundations |
| 856 ## - ELECTRONIC LOCATION AND ACCESS | |
| Uniform Resource Identifier | http://10.10.170.122:8080/browse/book/14837 |
| 942 ## - ADDED ENTRY ELEMENTS (KOHA) | |
| Koha item type | Books |
| Withdrawn status | Lost status | Permanent Location | Current Location | Date acquired | Cost, normal purchase price | Full call number | Accession Number | Koha item type | Source of acquisition |
|---|---|---|---|---|---|---|---|---|---|
| Central Library, QUEST, Nawabshah | Central Library, QUEST, Nawabshah | 2016-07-19 | 985.00 | 624.151MCC | 54421 | Books | |||
| Central Library, QUEST, Nawabshah | Central Library, QUEST, Nawabshah | 2017-08-24 | 1042.00 | 624.151MCC | 55633 | Books | |||
| Central Library, QUEST, Nawabshah | Central Library, QUEST, Nawabshah | 2017-08-24 | 1042.00 | 624.151MCC | 55634 | Books | |||
| Central Library, QUEST, Nawabshah | Central Library, QUEST, Nawabshah | 2018-05-22 | 1091.00 | 624.151MCC | 57289 | Books | |||
| Central Library, QUEST, Nawabshah | Central Library, QUEST, Nawabshah | 2018-05-22 | 1091.00 | 624.151MCC | 57290 | Books | |||
| Reference Section | Reference Section | 2018-05-22 | 1091.00 | 624.151MCC | 57288 | Books | |||
| Reference Section | Reference Section | 2023-10-30 | 624.151MCC | D2260 | Books | Donated | |||
| Seminar Library, Civil Engg. | Seminar Library, Civil Engg. | 2016-07-13 | 1438.00 | 624.151MCC | 54017 | Books | |||
| Seminar Library, Civil Engg. | Seminar Library, Civil Engg. | 2016-07-18 | 1430.00 | 624.151MCC | 54156 | Books |